[Event "71st RUS-ch Higher League 2018"]
[Site "Yaroslavl"]
[Date "2018.07.03"]
[Round "7"]
[White "Yanchenko, Roman"]
[Black "Sakaev, Konstantin"]
[Result "0-1"]
[WhiteElo "2462"]
[BlackElo "2580"]
[Annotator "ChessBase"]
[PlyCount "94"]
[EventDate "2018.06.26"]
[EventType "swiss"]
[EventCountry "RUS"]
[SourceTitle "playchess.com"]
[Source "ChessBase"]
[SourceQuality "1"]
[TimeControl "40/5400+30:1800+30"]

1. d4 {[%emt 0:00:00]} Nf6 {[%emt 0:00:00]} 2. c4 {[%emt 0:00:00]} g6 {[%emt 0:00:07]} 3. Nf3 {[%emt 0:00:11]} Bg7 {[%emt 0:00:15]} 4. Nc3 {[%emt 0:01:24]} d5 {[%emt 0:00:33]} 5. g3 {[%emt 0:01:32]} O-O {[%emt 0:01:21]} 6. Bg2 {[%emt 0:00:15]} dxc4 {[%emt 0:00:45]} 7. O-O {[%emt 0:01:13]} c6 {[%emt 0:03:56]} 8. e3 {[%emt 0:02:50]} Nbd7 {[%emt 0:14:32]} 9. Qe2 {[%emt 0:01:34]} b5 {[%emt 0:01:20]} 10. a4 {[%emt 0:02:34]} b4 {[%emt 0:07:37]} 11. Nb1 {[%emt 0:00:07]} Ba6 {[%emt 0:01:49]} 12. Nbd2 {[%emt 0:02:59]} Rc8 {[%emt 0:01:29]} 13. Rd1 {[%emt 0:16:03]} c5 {[%emt 0:01:45]} 14. Ne5 {[%emt 0:00:27]} Qc7 {[%emt 0:17:41]} 15. Nc6 {[%emt 0:08:03]} Nb8 {[%emt 0:03:14]} 16. Nxb8 {[%emt 0:02:04]} Rxb8 {[%emt 0:01:03]} 17. d5 {[%emt 0:00:33]} Nd7 {[%emt 0:01:31]} 18. e4 {[%emt 0:00:50]} b3 {[%emt 0:08:16]} 19. Bf1 {[%emt 0:04:02]} Rb4 {[%emt 0:02:01]} 20. f4 {[%emt 0:02:50]} c3 {[%emt 0:04:07]} 21. Qxa6 {[%emt 0:00:04]} cxb2 {[%emt 0:00:09]} 22. Bxb2 {[%emt 0:01:42]} Bxb2 {[%emt 0:00:10]} 23. Rab1 {[%emt 0:00:01]} Bd4+ {[%emt 0:00:12]} 24. Kh1 {[%emt 0:00:48]} b2 {[%emt 0:01:14]} 25. Nf3 {[%emt 0:02:44]} Nf6 {[%emt 0:06:38]} 26. Qe2 {[%emt 0:05:41]} Rfb8 {[%emt 0:00:30]} 27. Bg2 {[%emt 0:03:34]} Qa5 {[%emt 0:04:28]} 28. Ng5 {[%emt 0:09:41]} h6 {[%emt 0:02:49]} 29. Nxf7 {[%emt 0:00:03]} Kxf7 {[%emt 0:00:43]} 30. e5 {[%emt 0:00:04]} Ng8 {[%emt 0:05:07]} 31. Qg4 {[%emt 0:01:41]} Bc3 {[%emt 0:06:02]} 32. d6 {[%emt 0:04:14]} h5 {[%emt 0:03:53]} 33. Bd5+ {[%emt 0:03:06]} Kg7 {[%emt 0:00:04]} 34. Qe6 {[%emt 0:00:05]} Qd8 {[%emt 0:00:30]} 35. f5 {[%emt 0:02:06]} gxf5 {[%emt 0:01:03]} 36. Rf1 {[%emt 0:08:54]} Qe8 {[%emt 0:00:11]} 37. Rxf5 {[%emt 0:10:42]} Qg6 {[%emt 0:00:05]} 38. Qd7 {[%emt 0:00:01]} R4b7 {[%emt 0:00:49]} 39. Bxb7 {[%emt 0:00:48]} Rxb7 {[%emt 0:00:05]} 40. Qxb7 {[%emt 0:00:00]} Qxf5 {[%emt 0:00:00]} 41. Rg1 {[%emt 0:01:41]} Qxe5 {[%emt 0:03:22]} 42. g4 {[%emt 0:06:13]} h4 {[%emt 0:04:18]} 43. d7 {[%emt 0:06:21]} Qd4 {[%emt 0:03:06]} 44. g5 {[%emt 0:00:33]} h3 {[%emt 0:01:38]} 45. d8=Q {[%emt 0:01:45]} Qxd8 {[%emt 0:00:09]} 46. Qf3 {[%emt 0:00:10]} Qd2 {[%emt 0:03:50]} 47. Rf1 {[%emt 0:11:15]} Qg2+ {[%emt 0:00:33]} 0-1

[Event "71st RUS-ch Higher League 2018"]
[Site "Yaroslavl"]
[Date "2018.07.03"]
[Round "7"]
[White "Girya, Olga"]
[Black "Lomasov, Semen"]
[Result "1/2-1/2"]
[WhiteElo "2457"]
[BlackElo "2549"]
[Annotator "ChessBase"]
[PlyCount "80"]
[EventDate "2018.06.26"]
[EventType "swiss"]
[EventCountry "RUS"]
[SourceTitle "playchess.com"]
[Source "ChessBase"]
[SourceQuality "1"]
[TimeControl "40/5400+30:1800+30"]

1. d4 {[%emt 0:00:00]} e6 {[%emt 0:00:00]} 2. Nf3 {[%emt 0:00:00]} f5 {[%emt 0:00:00]} 3. g3 {[%emt 0:01:33]} b6 {[%emt 0:00:00]} 4. Bg2 {[%emt 0:00:25]} Bb7 {[%emt 0:00:04]} 5. O-O {[%emt 0:02:36]} Nf6 {[%emt 0:00:06]} 6. c4 {[%emt 0:00:23]} Be7 {[%emt 0:00:06]} 7. Nc3 {[%emt 0:00:24]} O-O {[%emt 0:00:07]} 8. Qc2 {[%emt 0:09:50]} Na6 {[%emt 0:22:09]} 9. Bg5 {[%emt 0:02:42]} Nb4 {[%emt 0:09:45]} 10. Qb3 {[%emt 0:01:28]} Nc6 {[%emt 0:04:55]} 11. a3 {[%emt 0:10:24]} Ne4 {[%emt 0:00:52]} 12. Bxe7 {[%emt 0:00:34]} Qxe7 {[%emt 0:00:11]} 13. Qc2 {[%emt 0:03:12]} Nd8 {[%emt 0:05:59]} 14. Rfd1 {[%emt 0:09:06]} a5 {[%emt 0:05:24]} 15. Ne1 {[%emt 0:04:51]} Nxc3 {[%emt 0:04:48]} 16. Qxc3 {[%emt 0:00:05]} a4 {[%emt 0:00:05]} 17. Qb4 {[%emt 0:13:10]} d6 {[%emt 0:01:16]} 18. Rac1 {[%emt 0:01:46]} Bxg2 {[%emt 0:02:52]} 19. Nxg2 {[%emt 0:00:24]} Nc6 {[%emt 0:01:08]} 20. Qb5 {[%emt 0:02:10]} Qe8 {[%emt 0:01:51]} 21. d5 {[%emt 0:00:32]} Nd8 {[%emt 0:00:30]} 22. Qxe8 {[%emt 0:07:23]} Rxe8 {[%emt 0:00:13]} 23. Ne3 {[%emt 0:00:56]} g6 {[%emt 0:00:57]} 24. dxe6 {[%emt 0:00:15]} Nxe6 {[%emt 0:00:30]} 25. Nd5 {[%emt 0:00:15]} Kf7 {[%emt 0:00:37]} 26. Kg2 {[%emt 0:02:24]} Ra5 {[%emt 0:00:46]} 27. Nc3 {[%emt 0:02:36]} Nc5 {[%emt 0:01:36]} 28. Rc2 {[%emt 0:00:30]} Re5 {[%emt 0:08:45]} 29. Nb5 {[%emt 0:04:24]} Ne6 {[%emt 0:01:13]} 30. e3 {[%emt 0:02:19]} Rc5 {[%emt 0:01:12]} 31. Nd4 {[%emt 0:02:54]} Ra8 {[%emt 0:00:48]} 32. h4 {[%emt 0:04:15]} h5 {[%emt 0:07:45]} 33. Nb5 {[%emt 0:01:53]} Ra5 {[%emt 0:10:08]} 34. Rc3 {[%emt 0:02:06]} d5 {[%emt 0:01:35]} 35. cxd5 {[%emt 0:00:54]} Raxb5 {[%emt 0:00:11]} 36. dxe6+ {[%emt 0:00:05]} Kxe6 {[%emt 0:00:04]} 37. Rxc5 {[%emt 0:01:07]} Rxc5 {[%emt 0:00:06]} 38. Rd2 {[%emt 0:00:55]} Rd5 {[%emt 0:04:43]} 39. Rc2 {[%emt 0:01:03]} c5 {[%emt 0:00:06]} 40. Kf3 {[%emt 0:00:00]} Ke5 {[%emt 0:00:00]} 1/2-1/2

[Event "71st RUS-ch Higher League 2018"]
[Site "Yaroslavl"]
[Date "2018.07.03"]
[Round "7"]
[White "Oganian, Miran"]
[Black "Antipov, Mikhail Al"]
[Result "1/2-1/2"]
[WhiteElo "2432"]
[BlackElo "2616"]
[Annotator "TA"]
[PlyCount "80"]
[EventDate "2018.06.26"]
[EventType "swiss"]
[EventCountry "RUS"]
[SourceTitle "playchess.com"]
[Source "ChessBase"]
[SourceQuality "1"]

{[%evp 12,80,27,16,32,-12,-12,0,0,-8,-6,-23,0,-7,69,8,25,24,40,8,11,-36,-36,-61,-51,-57,-62,-129,-129,-131,-137,-129,-143,-200,-153,-162,-135,-126,-106,-118,-98,-118,-98,-110,-122,-170,-172,-150,-150,-225,0,0,0,0,0,0,0,0,0,0,0,0,0,0,0,0,0,0,0,0,0]} 1. d4 Nf6 2. c4 c6 3. Nf3 d5 4. Qc2 a6 5. Bf4 dxc4 6. Qxc4 {D11: Slav Defence: 3 Nf3 sidelines and 3...Nf6 4 e3 Bg4} b5 7. Qc2 {LiveBook: 7 Games} (7. Qb3 e6 8. a4 Be7 9. e3 Bb7 10. Be2 O-O 11. O-O Nbd7 12. Rd1 c5 13. axb5 axb5 14. Rxa8 Qxa8 15. Qxb5 {½-½ (15) Xiong,J (2633)-Motylev,A (2675) Tbilisi 2017}) 7... e6 8. Nbd2 {White is slightly better.} Bb7 9. e3 Nbd7 10. Be2 Rc8 11. Rd1 $146 ({Predecessor:} 11. O-O c5 12. dxc5 Bxc5 {1-0 (36) Zagorskis,D (2482)-Labeckas,K (2354) Vilnius 2013}) 11... Qa5 12. O-O Nd5 (12... c5 $11) 13. Qb1 ({Better is} 13. Ne5 $1 $14) 13... Nxf4 14. exf4 Be7 15. Bd3 g6 16. h4 Qc7 17. g3 c5 18. Be4 c4 19. h5 {[#]} (19. Ne5 $15) 19... Nf6 $1 $17 ({But not} 19... gxh5 $6 20. f5 $11) 20. Bxb7 Qxb7 21. hxg6 hxg6 {Hoping for ...Rd8.} 22. Kg2 (22. Rfe1 $17) 22... Bb4 23. a3 Bxd2 24. Rxd2 Qd5 {Threatens to win with ...Kd7.} 25. Rh1 Ke7 26. Re2 c3 {...c2! is the strong threat.} 27. Rxh8 Rxh8 28. Qd3 Qh5 {[%csl Gh8][%cal Rh5h1]} 29. Nh4 {White wants to play Re5.} Nd5 30. Qf3 (30. Qe4 $17) 30... Nxf4+ $2 (30... Rc8 $19 31. Qxh5 gxh5 32. bxc3 Rxc3) 31. Qxf4 $11 {The position is equal.} Qxe2 {[#]} 32. Nxg6+ $1 {[%mdl 512]} fxg6 33. Qc7+ Kf8 34. Qd8+ Kg7 35. Qc7+ Kf8 (35... Kf6 $5 {[%cal Re2e4]} 36. Qf4+ Ke7 37. Qc7+ Ke8 38. Qc8+ Ke7 39. Qc7+ $11) 36. Qd8+ Kg7 37. Qc7+ Kf8 (37... Kf6 $5 {[%cal Re2e4]} 38. Qf4+ Ke7 39. Qc7+ Kf6 40. Qf4+ Ke7 $11) 38. Qd8+ Kg7 39. Qc7+ Kf8 {( -> ...Qe4+)} 40. Qd8+ Kg7 {Precision: White = 38%, Black = 68%.} 1/2-1/2

[Event "71st RUS-ch Higher League 2018"]
[Site "Yaroslavl"]
[Date "2018.07.03"]
[Round "7"]
[White "Gogolev, Artem"]
[Black "Bykov, Egor"]
[Result "1-0"]
[WhiteElo "2407"]
[BlackElo "2373"]
[Annotator "NA"]
[PlyCount "73"]
[EventDate "2018.06.26"]
[EventType "swiss"]
[EventCountry "RUS"]
[SourceTitle "playchess.com"]
[Source "ChessBase"]
[SourceQuality "1"]
[TimeControl "40/5400+30:1800+30"]

1. c4 {[%emt 0:00:00]} c6 {[%emt 0:00:05]} 2. Nf3 {[%emt 0:00:00]} d5 {[%emt 0:00:16]} 3. g3 {[%emt 0:00:22]} Nf6 {[%emt 0:00:26]} 4. Bg2 {[%emt 0:00:07]} Bg4 {[%emt 0:00:11]} 5. O-O {[%emt 0:00:28]} e6 {[%emt 0:00:21]} 6. d3 {[%emt 0:00:37]} Nbd7 {[%emt 0:00:32]} 7. Nc3 {[%emt 0:00:31]} Bc5 {[%emt 0:07:32]} 8. h3 {[%emt 0:01:59]} Bh5 {[%emt 0:02:38]} 9. cxd5 {[%emt 0:07:42]} exd5 {[%emt 0:01:22]} 10. e4 {[%emt 0:02:14]} O-O {[%emt 0:03:54]} 11. g4 {[%emt 0:09:44]} Bg6 {[%emt 0:00:11]} 12. e5 {[%emt 0:00:17]} Ne8 {[%emt 0:00:21]} 13. h4 {[%emt 0:06:14]} h6 {[%emt 0:15:31]} 14. d4 {[%emt 0:04:39]} Bb6 {[%emt 0:08:36]} 15. Re1 {[%emt 0:11:09]} Nc7 {[%emt 0:00:58]} 16. h5 {[%emt 0:04:43]} Bh7 {[%emt 0:00:49]} 17. g5 {[%emt 0:01:07]} hxg5 {[%emt 0:05:20]} 18. Bxg5 {[%emt 0:03:31]} f6 {[%emt 0:02:26]} 19. exf6 {[%emt 0:02:29]} Nxf6 {[%emt 0:02:16]} 20. a4 {[%emt 0:02:59]} a5 {[%emt 0:04:52]} 21. Qb3 {[%emt 0:10:57]} Ba7 {[%emt 0:00:05]} 22. Re5 {[%emt 0:02:06]} Qc8 {[%emt 0:06:24]} 23. h6 {[%emt 0:02:00]} Ne6 {[%emt 0:08:07]} 24. hxg7 {[%emt 0:02:15]} Kxg7 {[%emt 0:00:34]} 25. Rxe6 {[%emt 0:09:15]} Qxe6 {[%emt 0:00:05]} 26. Qxb7+ {[%emt 0:00:06]} Kh8 {[%emt 0:08:47]} 27. Re1 {[%emt 0:00:55]} Ne4 {[%emt 0:01:16]} 28. Bf4 {[%emt 0:00:20]} Kg8 {[%emt 0:14:02]} 29. Ng5 {[%emt 0:07:02]} Qf5 {[%emt 0:00:06]} 30. Ncxe4 {[%emt 0:00:41]} Bxd4 {[%emt 0:03:55]} 31. Nxh7 {[%emt 0:07:19]} Ra7 {[%emt 0:01:04]} 32. Qxc6 {[%emt 0:00:29]} Rxh7 {[%emt 0:00:25]} 33. Bg3 {[%emt 0:01:00]} Rg7 {[%emt 0:01:38]} 34. Rd1 {[%emt 0:00:54]} Rxg3 {[%emt 0:00:57]} 35. Rxd4 {[%emt 0:00:08]} dxe4 {[%emt 0:00:55]} 36. Qc4+ {[%emt 0:00:26]} Kg7 {[%emt 0:00:01]} 37. Qc7+ {[%emt 0:00:08]} 1-0

[Event "71st RUS-ch Higher League 2018"]
[Site "Yaroslavl"]
[Date "2018.07.03"]
[Round "7"]
[White "Tekeyev, Zaur"]
[Black "Sek, Konstantin"]
[Result "1/2-1/2"]
[WhiteElo "2407"]
[BlackElo "2476"]
[Annotator "ChessBase"]
[PlyCount "177"]
[EventDate "2018.06.26"]
[EventType "swiss"]
[EventCountry "RUS"]
[SourceTitle "playchess.com"]
[Source "ChessBase"]
[SourceQuality "1"]
[TimeControl "40/5400+30:1800+30"]

1. e4 {[%emt 0:00:00]} e5 {[%emt 0:00:00]} 2. Nf3 {[%emt 0:00:00]} Nc6 {[%emt 0:00:00]} 3. Bc4 {[%emt 0:00:00]} Nf6 {[%emt 0:00:00]} 4. d3 {[%emt 0:00:11]} Bc5 {[%emt 0:00:00]} 5. O-O {[%emt 0:00:22]} O-O {[%emt 0:00:00]} 6. Bg5 {[%emt 0:00:48]} h6 {[%emt 0:02:38]} 7. Bh4 {[%emt 0:00:12]} Be7 {[%emt 0:00:12]} 8. Bg3 {[%emt 0:00:15]} d6 {[%emt 0:00:14]} 9. a4 {[%emt 0:00:11]} Nh7 {[%emt 0:08:25]} 10. a5 {[%emt 0:11:14]} Bg4 {[%emt 0:05:15]} 11. h3 {[%emt 0:09:17]} Bh5 {[%emt 0:00:54]} 12. c3 {[%emt 0:04:16]} Ng5 {[%emt 0:01:21]} 13. Nbd2 {[%emt 0:00:28]} a6 {[%emt 0:08:24]} 14. Kh1 {[%emt 0:43:49]} Kh8 {[%emt 0:26:09]} 15. Bd5 {[%emt 0:04:18]} Nxf3 {[%emt 0:23:47]} 16. Nxf3 {[%emt 0:00:26]} Bg5 {[%emt 0:00:30]} 17. Bh2 {[%emt 0:10:04]} Qf6 {[%emt 0:00:25]} 18. g4 {[%emt 0:01:42]} Bg6 {[%emt 0:00:01]} 19. Nxg5 {[%emt 0:04:39]} hxg5 {[%emt 0:00:57]} 20. h4 {[%emt 0:00:55]} gxh4 {[%emt 0:09:08]} 21. f4 {[%emt 0:00:03]} exf4 {[%emt 0:00:45]} 22. Bxf4 {[%emt 0:00:13]} Bh7 {[%emt 0:02:32]} 23. g5 {[%emt 0:04:02]} Qg6 {[%emt 0:00:10]} 24. Qg4 {[%emt 0:00:37]} Ne7 {[%emt 0:01:00]} 25. Bc4 {[%emt 0:03:55]} f5 {[%emt 0:00:16]} 26. exf5 {[%emt 0:00:01]} Qxf5 {[%emt 0:03:35]} 27. Qxf5 {[%emt 0:00:07]} Bxf5 {[%emt 0:00:25]} 28. Rae1 {[%emt 0:00:40]} Rae8 {[%emt 0:02:31]} 29. Bh2 {[%emt 0:00:15]} g6 {[%emt 0:01:14]} 30. Rf4 {[%emt 0:00:41]} Nc6 {[%emt 0:00:17]} 31. Rxh4+ {[%emt 0:01:02]} Kg7 {[%emt 0:00:01]} 32. Rxe8 Rxe8 33. b4 {[%emt 0:01:13]} Re1+ {[%emt 0:00:29]} 34. Kg2 {[%emt 0:00:27]} Re2+ {[%emt 0:00:34]} 35. Kf3 {[%emt 0:00:33]} Rc2 {[%emt 0:00:07]} 36. b5 {[%emt 0:00:26]} axb5 {[%emt 0:01:06]} 37. Bxb5 {[%emt 0:00:04]} Nxa5 {[%emt 0:00:50]} 38. Bg1 {[%emt 0:00:36]} c5 {[%emt 0:02:25]} 39. Ra4 {[%emt 0:00:35]} b6 {[%emt 0:00:06]} 40. Ra3 {[%emt 0:00:00]} Rb2 {[%emt 0:00:00]} 41. Ba6 {[%emt 0:11:44]} Be6 {[%emt 0:06:59]} 42. Be3 {[%emt 0:11:14]} Bd5+ {[%emt 0:00:47]} 43. Kf4 {[%emt 0:01:35]} Rb1 {[%emt 0:00:26]} 44. c4 {[%emt 0:02:31]} Rf1+ {[%emt 0:01:18]} 45. Kg4 {[%emt 0:00:05]} Bf3+ {[%emt 0:01:14]} 46. Kg3 {[%emt 0:00:57]} Be2 {[%emt 0:00:40]} 47. d4 {[%emt 0:04:01]} Nc6 {[%emt 0:06:31]} 48. dxc5 {[%emt 0:00:53]} bxc5 {[%emt 0:00:07]} 49. Bf4 {[%emt 0:01:31]} Ne7 {[%emt 0:01:54]} 50. Bd2 {[%emt 0:00:51]} Nf5+ {[%emt 0:00:16]} 51. Kg2 {[%emt 0:00:14]} Kf7 {[%emt 0:01:18]} 52. Bb7 {[%emt 0:00:43]} Ne7 {[%emt 0:02:36]} 53. Ba6 {[%emt 0:00:27]} Rd1 {[%emt 0:00:30]} 54. Ra2 {[%emt 0:00:52]} d5 {[%emt 0:00:35]} 55. Kf2 {[%emt 0:00:29]} Bxc4 {[%emt 0:01:39]} 56. Bxc4 {[%emt 0:00:05]} dxc4 {[%emt 0:00:03]} 57. Rc2 {[%emt 0:00:29]} c3 {[%emt 0:01:00]} 58. Bxc3 {[%emt 0:00:13]} Rd5 {[%emt 0:00:14]} 59. Bb2 {[%emt 0:01:20]} Nc6 {[%emt 0:00:27]} 60. Ba3 {[%emt 0:00:30]} Ne5 {[%emt 0:01:34]} 61. Ke3 {[%emt 0:00:36]} Nd7 {[%emt 0:00:43]} 62. Rg2 {[%emt 0:00:31]} Ke6 {[%emt 0:00:25]} 63. Bb2 {[%emt 0:00:19]} Nb6 {[%emt 0:03:32]} 64. Bf6 {[%emt 0:00:20]} Rf5 {[%emt 0:01:45]} 65. Ke4 {[%emt 0:00:50]} Nd5 {[%emt 0:00:19]} 66. Bh8 {[%emt 0:00:28]} Rf4+ {[%emt 0:01:18]} 67. Kd3 {[%emt 0:00:01]} Rf3+ {[%emt 0:01:33]} 68. Kd2 {[%emt 0:00:30]} Nf4 {[%emt 0:02:15]} 69. Rg1 {[%emt 0:01:01]} Kf5 {[%emt 0:03:20]} 70. Bf6 {[%emt 0:00:30]} Rf2+ {[%emt 0:01:00]} 71. Ke3 {[%emt 0:00:16]} Re2+ {[%emt 0:00:11]} 72. Kf3 {[%emt 0:00:00]} Rc2 {[%emt 0:00:35]} 73. Re1 {[%emt 0:00:17]} Nd3 {[%emt 0:00:07]} 74. Re8 {[%emt 0:01:17]} c4 {[%emt 0:00:15]} 75. Ke3 {[%emt 0:00:23]} Nf2 {[%emt 0:02:07]} 76. Kf3 {[%emt 0:00:28]} Ng4 {[%emt 0:00:35]} 77. Bd8 {[%emt 0:00:42]} Rc3+ {[%emt 0:00:48]} 78. Ke2 {[%emt 0:00:15]} Rc2+ {[%emt 0:00:09]} 79. Kf3 {[%emt 0:00:18]} Ne5+ {[%emt 0:00:14]} 80. Ke3 {[%emt 0:00:07]} Rc3+ {[%emt 0:00:15]} 81. Ke2 {[%emt 0:00:37]} Rb3 {[%emt 0:01:28]} 82. Bf6 {[%emt 0:00:50]} Nc6 {[%emt 0:00:36]} 83. Rc8 {[%emt 0:00:27]} Rb6 {[%emt 0:00:11]} 84. Ke3 {[%emt 0:00:47]} Ke6 {[%emt 0:00:16]} 85. Ke4 {[%emt 0:00:22]} Ra6 {[%emt 0:00:30]} 86. Re8+ {[%emt 0:00:34]} Kf7 {[%emt 0:00:50]} 87. Rc8 {[%emt 0:00:16]} Ke6 {[%emt 0:00:11]} 88. Rg8 {[%emt 0:00:40]} c3 {[%emt 0:00:49]} 89. Bxc3 {[%emt 0:00:53]} 1/2-1/2

[Event "71st RUS-ch Higher League 2018"]
[Site "Yaroslavl"]
[Date "2018.07.03"]
[Round "7"]
[White "Rodin, Dmitrij"]
[Black "Triapishko, Alexandr"]
[Result "0-1"]
[WhiteElo "2402"]
[BlackElo "2513"]
[Annotator "TA"]
[PlyCount "80"]
[EventDate "2018.06.26"]
[EventType "swiss"]
[EventCountry "RUS"]
[SourceTitle "playchess.com"]
[Source "ChessBase"]
[SourceQuality "1"]

{[%evp 16,80,16,4,27,0,9,2,11,-5,16,-1,33,0,0,0,9,0,0,0,0,0,20,9,4,11,5,8,16,12,1,0,25,-98,-81,-81,-49,-65,-53,-131,-111,-117,-108,-113,-129,-156,-74,-111,-108,-104,-100,-333,-318,-301,-302,-827,-704,-1059,-1060,-1031,-1030,-666,-393,-29946,-29947,-6107,-6099]} 1. e4 c6 {[%cal Bc7c6,Bc6c5][%mdl 32]} 2. d4 d5 3. e5 Bf5 4. Nf3 e6 5. Be2 Ne7 6. O-O c5 7. Be3 Nec6 8. c3 Nd7 9. Nbd2 {LiveBook: 18 Games} Rc8 {B12: Caro-Kann: Advance Variation} (9... Be7 10. dxc5 Nxc5 11. Nd4 Bg6 12. f4 O-O 13. N2b3 Nxb3 14. axb3 Nxd4 15. Bxd4 a5 16. Bd3 Qd7 17. Bxg6 fxg6 {½-½ (71) Frolyanov,D (2563)-Ponkratov,P (2608) Khanty-Mansiysk 2017}) 10. Nb3 {[%cal Rb3c5]} c4 $146 ({Predecessor:} 10... Be7 11. Ne1 cxd4 12. Nxd4 Nxd4 13. cxd4 O-O 14. Nd3 f6 15. f4 fxe5 16. fxe5 Bg5 17. Nf4 Qb6 18. Qa4 Bxf4 19. Bxf4 Qxb2 20. Qxd7 Qxe2 21. Rac1 Rxc1 22. Bxc1 Qd3 23. Qa4 Qxf1+ {0-1 (23) Encinas Encinas,A-Rodriguez Gonzalez,I Oropesa del Mar 2000}) 11. Nbd2 Be7 {The position is equal.} 12. Ne1 h6 13. f4 O-O 14. g4 Bh7 15. Ng2 f6 16. Qe1 fxe5 17. fxe5 Rxf1+ 18. Nxf1 Bg5 19. Qd2 Bxe3+ 20. Nfxe3 Qe7 21. Rf1 b5 22. Nf4 Rf8 23. Neg2 b4 24. cxb4 {[#]} (24. h4 $11) 24... g5 $1 $17 {[%cal Rg5f4]} ({Don't play} 24... Nxb4 $6 25. Nxe6 Rxf1+ 26. Kxf1 $11) 25. b5 Ncxe5 $1 26. dxe5 {Black must now prevent Nxd5!} Qc5+ 27. Kh1 (27. Rf2 $1 $15) 27... gxf4 28. Rxf4 Nxe5 29. Rxf8+ Qxf8 30. Qe3 {[#]} Qg7 (30... Be4 $142 $1 {...Qb4 is the strong threat.} 31. Kg1 Qg7) 31. b6 axb6 32. Qxb6 Qf6 {And now ...Nd7 would win.} 33. Qe3 $2 (33. Kg1 $17 {might work better.}) 33... Nd3 $19 34. Kg1 Be4 ({And not} 34... Qxb2 35. Qxe6+ Kg7 36. Qe7+ Kg8 37. Qd8+ Kg7 38. Qe7+ Kg8 39. Qd8+ Kg7 40. Qe7+ $11) 35. Bxd3 $2 (35. Qb6) 35... cxd3 ({Not} 35... Bxd3 36. Qf2 $15) 36. Qd2 Qf3 37. Ne3 d4 {[%cal Bd5d4,Bd4e3][%mdl 32]} 38. Nf1 Bd5 39. Ng3 $2 (39. g5 $19 h5 40. g6) 39... Qe3+ 40. Qxe3 dxe3 {Precision: White = 31%, Black = 51%.} 0-1

[Event "71st RUS-ch Higher League 2018"]
[Site "Yaroslavl"]
[Date "2018.07.03"]
[Round "7"]
[White "Zakaryan, David"]
[Black "Usmanov, Vasily"]
[Result "0-1"]
[WhiteElo "2387"]
[BlackElo "2477"]
[Annotator "TA"]
[PlyCount "110"]
[EventDate "2018.06.26"]
[EventType "swiss"]
[EventCountry "RUS"]
[SourceTitle "playchess.com"]
[Source "ChessBase"]
[SourceQuality "1"]

{[%evp 22,109,-18,-16,-8,-18,-16,-19,-14,-20,0,0,0,0,0,0,0,0,0,0,8,6,11,12,8,9,0,-8,0,-18,6,12,0,0,0,-20,-21,-18,-13,-68,-65,-62,0,0,0,0,0,0,0,0,0,-23,-19,-20,-25,-233,-231,-231,-236,-235,354,0,-8,-362,-360,-4806,-1687,-1687,0,0,0,-1220,-914,-12841,-12841,-12842,-12840,-12840,-12839,-12840,-1243,-29991,-29992,-29997,-29998,-29998,-29998,-29998,-29999,-29999]} 1. Nf3 d5 2. b3 Bf5 3. Bb2 e6 4. g3 h6 5. Bg2 Nf6 6. O-O Be7 7. c4 O-O 8. d3 c6 9. Nbd2 Nbd7 10. Re1 Bh7 11. Qc2 a5 {A12: English Opening: 1...c6 with b3 by White} (11... Re8 12. a3 a5 13. Rac1 Bd6 14. e4 dxe4 15. Nxe4 Nxe4 16. dxe4 Qe7 17. Rcd1 Red8 18. Qc3 e5 19. Rd2 Bxa3 20. Bxa3 Qxa3 {½-½ (51) Radjabov,T (2738)-Riazantsev,A (2646) Berlin 2015}) 12. a3 {LiveBook: 27 Games} Qb8 13. e4 dxe4 {The position is equal.} 14. Nxe4 Rd8 $146 ({Predecessor:} 14... Nxe4 15. dxe4 Bf6 16. Rad1 Rd8 17. Nd4 Nc5 18. f3 Qa7 19. Qf2 Nxb3 {0-1 (28) Jousson-Busch,R (2245) Gausdal 1980}) 15. Rad1 Qa7 16. Nxf6+ Bxf6 17. Bxf6 Nxf6 18. Qc3 Qc5 19. b4 axb4 20. axb4 Qa7 21. Ra1 Qb8 22. Rxa8 Qxa8 23. Ra1 Qb8 24. d4 Be4 25. Ne5 Qd6 26. f3 Bf5 27. Ra7 Nd7 28. Nxd7 ({Don't go for} 28. Rxb7 $2 Nxe5 29. f4 Nd3 $19) 28... Rxd7 29. Bf1 Qe7 30. Kf2 ({Better is} 30. Ra8+ $11 Kh7 31. c5) 30... Qd8 $1 $15 31. Be2 Kh7 (31... Rxd4 $15 32. Ra8 Qxa8 33. Qxd4 Bg6) 32. c5 $11 Bg6 33. Ke3 Qg5+ 34. Kf2 Qf6 35. Ke3 Qf5 36. b5 {[#] bxc6 is the strong threat.} e5 $1 $36 {[%mdl 2560] Black fights for an advantage.} 37. dxe5 Rd5 38. f4 $2 (38. bxc6 $11 Rxe5+ 39. Kf2 Rxc5 40. Qe3 Rxc6 41. Rxb7) 38... cxb5 $19 39. Rxb7 Qb1 $1 {[%cal Rb1g1]} 40. Kf2 {aiming for e6.} Be4 $4 {[%mdl 8192] [#]} (40... Bd3 $1 $19 {and all is fine.} 41. Qd2 (41. Rxf7 $2 Qa2 $19) 41... Bc4 42. Rxb5 Rxd2 43. Rxb1 Rxe2+ 44. Kf3 Rxh2) 41. Rxb5 $2 ({And not} 41. Rxf7 b4 $11) (41. e6 $1 $18 b4 {[#]} 42. exf7 $1 {[%mdl 512]} bxc3 43. Rxb1) 41... Qh1 $11 42. Ke3 $2 {[%mdl 8192]} (42. Qe3 $1 $11 {and White is okay.}) 42... Bf5 $19 43. c6 $2 (43. h3 Rd4 44. Rb2) 43... Qg1+ 44. Kf3 Qh1+ 45. Ke3 $1 {Hoping for Rxd5.} Qg1+ 46. Kf3 {[#]} g5 $3 {[%mdl 512] ( -> ...g4#)} 47. fxg5 Rd4 {[%csl Gd4][%cal Rf5g4]} 48. g6+ Kg7 {[%csl Gd4][%cal Rf5g4]} 49. Qxd4 Qxd4 50. Kg2 Be4+ (50... Qd2 $142 51. Kf1 Bd3 52. Bxd3 Qxd3+ 53. Kg2 Qxb5 54. gxf7 Qxc6+ 55. Kf2 Kxf7) 51. Kh3 Qf2 {Black mates.} 52. Rb2 Bg2+ 53. Kh4 Qd4+ 54. g4 Qf2+ 55. Kh5 fxg6# {Precision: White = 45%, Black = 66%.} 0-1